| 000 | 00678nam a2200205Ia 4500 | ||
|---|---|---|---|
| 003 | GCL | ||
| 008 | 140319s9999 xx 000 0 ara d | ||
| 040 |
_aGCL / _cGCL |
||
| 082 | 0 | 4 |
_a822.008 _bى ا |
| 100 | 1 | _aمحمد مندور | |
| 245 | 1 | 0 |
_aاميديه (هديو من الاديب عبدالفتاح الجمل) / _cمحمد مندور |
| 700 | 1 | _aيونسكو، اوجين | |
| 700 | 1 | _aدولت محمد حسن | |
| 300 | _a200 ص | ||
| 490 |
_aروائع المسرح العالمى _v0 |
||
| 650 | 0 | 4 | _aالمسرح الامريكى |
| 650 | 0 | 4 | _aالمسرحيات الامريكية |
| 650 | 0 | 4 | _aالادب الامريكى المترجم |
| 942 |
_2ddc _cBK |
||
| 999 |
_c45915 _d45915 |
||